Blue plate special : an autobiography of my ... Read More
Available copies
- 2 of 2 copies available at LARL/NWRL Consortium.
- 2 of 2 copies available at Lake Agassiz Regional Library. (Show preferred library)
Current holds
0 current holds with 2 total copies.
Show Only Available Copies
| Location | Call Number / Copy Notes | Barcode | Shelving Location | Status | Due Date |
|---|---|---|---|---|---|
| Crookston Public Library | 921 CHR (Text) | 33500011009214 | Main | Available | - |
| Moorhead Public Library | 921 CHR (Text) | 33500011009222 | Main | Available | - |
Record details
- ISBN: 9780385536264 (hardcover : alkaline paper)
- ISBN: 0385536267 (hardcover : alkaline paper)
- Physical Description: pages cm
- Edition: First edition.
- Publisher: New York : Doubleday, 2013.
Search for related items by subject
| LDR | 01675cam a22004578i 4500 | ||
|---|---|---|---|
| 001 | 150804 | ||
| 003 | LARL_NWRL_CONSORTIUM | ||
| 005 | 20130702103616.0 | ||
| 008 | 130104s2013 nyu 000 0aeng | ||
| 010 | . | ‡a2012048556 | |
| 019 | . | ‡a812781127 | |
| 020 | . | ‡a9780385536264 (hardcover : alkaline paper) | |
| 020 | . | ‡a0385536267 (hardcover : alkaline paper) | |
| 020 | . | ‡z9780385536271 (electronic) | |
| 035 | . | ‡a(OCoLC)823860695 ‡z(OCoLC)812781127 | |
| 040 | . | ‡aDLC ‡beng ‡erda ‡cDLC ‡dOCLCO ‡dYDXCP ‡dBTCTA ‡dBDX ‡dOCLCQ | |
| 042 | . | ‡apcc | |
| 043 | . | ‡an-us--- | |
| 050 | 0 | 0. | ‡aPS3553.H716 ‡bZ46 2013 |
| 082 | 0 | 0. | ‡a818/.5403 ‡aB ‡223 |
| 100 | 1 | . | ‡aChristensen, Kate, ‡d1962- ‡0(LARL_NWRL_CONSORTIUM)128452 |
| 245 | 1 | 0. | ‡aBlue plate special : ‡ban autobiography of my appetites / ‡cKate Christensen. |
| 250 | . | ‡aFirst edition. | |
| 260 | . | ‡aNew York : ‡bDoubleday, ‡c2013. | |
| 300 | . | ‡apages cm | |
| 336 | . | ‡atext ‡btxt ‡2rdacontent | |
| 337 | . | ‡aunmediated ‡bn ‡2rdamedia | |
| 338 | . | ‡avolume ‡bnc ‡2rdacarrier | |
| 600 | 1 | 0. | ‡aChristensen, Kate, ‡d1962- ‡0(LARL_NWRL_CONSORTIUM)128452 |
| 650 | 0. | ‡aWomen authors, American ‡y21st century ‡vBiography. | |
| 650 | 0. | ‡aAuthors, American ‡y21st century ‡vBiography. ‡0(LARL_NWRL_CONSORTIUM)170812 | |
| 650 | 0. | ‡aMothers and daughters ‡zUnited States. ‡0(LARL_NWRL_CONSORTIUM)166270 | |
| 650 | 0. | ‡aAppetite ‡xPsychological aspects. | |
| 650 | 0. | ‡aFood ‡xPsychological aspects. ‡0(LARL_NWRL_CONSORTIUM)169468 | |
| 948 | . | ‡hHELD BY LAL - 64 OTHER HOLDINGS | |
| 994 | . | ‡aZ0 ‡bLAL | |
| 901 | . | ‡a150804 ‡bOCLC ‡c150804 ‡tbiblio | |

Add to basket
Permalink
Enable Highlighting